000 00302nam a22001337a 4500
008 170303b xxu||||| |||| 00| 0 eng d
020 _a9780323051781
041 _aeng
080 _27 ED
_a616.073
100 _a6
101 _aSHM
245 _aPATIENT CARE RADIOGRAPHY
_cEHRLICH.R.A
942 _2udc
_cBK
999 _c6674
_d6674